Statistics for British Noble Ranks

Click here to take the quiz!

General Stats

  • This quiz has been taken 16,757 times
  • The average score is 7 of 14

Answer Stats

Answer% Correct
King
98%
Queen
97%
Duke
91%
Duchess
89%
Earl
70%
Baron
57%
Baroness
53%
Countess
37%
Viscount
33%
Marquess
32%
Viscountess
25%
Marchioness
21%
Baronet
12%
Baronetess
6%

Score Distribution

Percentile by Number Answered

Percent of People with Each Score

Your Score History

You have not taken this quiz